[Event "funny"]
[Site "SchemingMind.com"]
[Date "2008.11.21"]
[Round "-"]
[White "marandreo"]
[Black "Ivancic"]
[Result "1-0"]
[WhiteCountry "ITA"]
[BlackCountry "AUS"]
[WhiteElo "2005"]
[WhiteRD "93"]
[BlackElo "1895"]
[BlackRD "75"]
[GameID "179269"]

1. g4 e5 2. Bg2 h5 3. gxh5 Qg5 4. Bf3 Qh4 5. d3 f5 6. c3 e4 7. dxe4 fxe4 8. Qd4 Nf6 9. Qe5+ Be7 10. Bg5 Nc6
11. Qxe7+ Kxe7 12. Bxh4 exf3 13. Nxf3 Rxh5 14. Nbd2 Kf7 15. Bxf6 Kxf6 16. Ne4+ Kf7 17. h4 d5 18. Neg5+ Kg8 19. O-O-O Ne7 20. c4 c6
21. e4 Bg4 22. cxd5 cxd5 23. exd5 Rh6 24. Rd4 Bxf3 25. Nxf3 Rd8 26. Re1 Nf5 27. Rc4 Rhd6 28. Rc7 Rxd5 29. Rxb7 Rf8 30. Rxa7 Nh6
31. Ra3 Rdf5 32. Ree3 Ng4 33. Rec3 Nxf2 34. b4 Ne4 35. Re3 Nd6 36. Nd2 Nb5 37. Rad3 Ra8 38. a3 Rc8+ 39. Kb2 Rf4 40. Re4 Rf2
41. Kb3 Ra8 42. a4 Nc7 43. b5 Rb8 44. Kc4 Rf5 45. Nb3 Nxb5 46. axb5 Rfxb5 47. Nd4 Rb4+ 48. Kc3 R4b6 49. Rde3 Rc8+ 50. Kd3 Rbb8
51. Ke2 Rf8 52. Re7 Rb2+ 53. Kd3 Rh2 54. Ne6 Ra8 55. Rxg7+ Kh8 56. Rg4 Ra3+ 57. Ke4 Ra4+ 58. Nd4 Rha2 59. Kf5 Rd2 60. Ree4 Rd3
61. Nc6 Rd5+ 62. Re5 Rxg4 63. Kxg4 Rd7 64. h5 Rf7 65. Ne7 Kh7 66. Nf5 Rf8 67. Re7+ Kh8 68. Kg5 Rc8 69. Nh4 Ra8 70. Ng6+ Kg8
71. Kh6 Ra7 72. Re8+ Kf7 73. Rf8+ Ke6 74. Nh8 Ke5 75. Rf7 Ra1 76. Rf2 Ra8 77. Nf7+ Ke6 78. Kg7 Ra3 79. Ng5+
1-0

[Event "funny"]
[Site "SchemingMind.com"]
[Date "2008.11.17"]
[Round "-"]
[White "marandreo"]
[Black "MARISCAL"]
[Result "0-1"]
[WhiteCountry "ITA"]
[BlackCountry "ESP"]
[WhiteElo "2019"]
[WhiteRD "97"]
[BlackElo "2291"]
[BlackRD "91"]
[GameID "179270"]

1. g4 d5 2. Bg2 c6 3. g5 e5 4. d4 Bd6 5. dxe5 Bc7 6. Nf3 Ne7 7. Bf4 Nd7 8. e3 Ng6 9. Qd4 Bb6 10. Qc3 Nxf4
11. exf4 Nc5 12. Nbd2 Ne6 13. O-O-O Nxf4 14. Bf1 Qe7 15. Kb1 Qc5 16. Qxc5 Bxc5 17. c4 a6 18. cxd5 cxd5 19. h4 Bxf2
0-1

[Event "funny"]
[Site "SchemingMind.com"]
[Date "2008.11.20"]
[Round "-"]
[White "marandreo"]
[Black "Schaakmaatje"]
[Result "1-0"]
[WhiteCountry "ITA"]
[BlackCountry "NED"]
[WhiteElo "1978"]
[WhiteRD "86"]
[BlackElo "1779"]
[BlackRD "55"]
[GameID "179271"]

1. g4 c6 2. d4 d5 3. g5 g6 4. Bg2 Bg7 5. c3 Bf5 6. Nd2 e6 7. h4 Ne7 8. f3 e5 9. e4 Be6 10. Ne2 Nd7
11. Qc2 Nb6 12. dxe5 Bxe5 13. f4 Bg7 14. e5 Bf5 15. Qb3 Bd3 16. Nd4 Qc7 17. N2f3 Nc4 18. Qd1 Be4 19. b3 Nb6 20. Ba3 Nbc8
21. Qd2 Nf5 22. Nxf5 Bxf5 23. h5 Bf8 24. Bxf8 Rxf8 25. Nd4 Qd7 26. O-O-O Bg4 27. Rde1 Ne7 28. hxg6 hxg6 29. Rh7 O-O-O 30. Bf1 Kb8
31. Bd3 Qc7 32. Rg1 Bc8 33. Rgh1 Bg4 34. Rg7 Bh5 35. e6 Qd6 36. exf7 Qa3+ 37. Kb1 Qd6 38. f5 Bg4 39. fxg6 c5 40. Nb5 Qe5
41. Qh2 Qxh2 42. Rxh2 Nf5 43. Rgh7
1-0

[Event "funny"]
[Site "SchemingMind.com"]
[Date "2008.11.17"]
[Round "-"]
[White "marandreo"]
[Black "thebirdolux"]
[Result "0-1"]
[WhiteCountry "ITA"]
[BlackCountry "USA"]
[WhiteElo "1978"]
[WhiteRD "86"]
[BlackElo "2307"]
[BlackRD "73"]
[GameID "179272"]

1. g4 d5 2. Bg2 c6 3. e3 e5 4. d4 h5 5. gxh5 Qg5 6. Kf1 e4 7. h4 Qe7 8. c4 Nf6 9. Nc3 Bg4 10. Qb3 dxc4
11. Qxc4 Nbd7 12. Nge2 O-O-O 13. Ng3 Kb8 14. Ncxe4 Nxe4 15. Bxe4 Qf6 16. Bd2 Bd6 17. Kg2 Nb6 18. Qc2 Rde8 19. f4 Nd5 20. Rae1 Qd8
21. Bf3 Bc8 22. Nf5 Bc7 23. a3 Bb6 24. b4 Qf6 25. Ng3 Qd6 26. Re2 Be6 27. a4 Nxb4 28. Bxb4 Qxb4 29. Rb1 Qa5 30. f5 Bd7
31. e4 Bxd4 32. e5 Qc7 33. e6 fxe6 34. fxe6 Rxe6 35. Rxe6 Bxe6 36. Qxc6 Qxc6 37. Bxc6 Bc8 38. a5 Bc3 39. a6 b6 40. Bb5 Bf6
41. Rb4 Be6 42. Bc6 Rc8 43. Bb7 Rc2+ 44. Kf3 Kc7 45. Ne2 Rc4 46. Rxc4+ Bxc4 47. Nf4 Kd6
0-1

[Event "funny"]
[Site "SchemingMind.com"]
[Date "2008.11.17"]
[Round "-"]
[White "calipo"]
[Black "marandreo"]
[Result "1-0"]
[WhiteCountry "ARG"]
[BlackCountry "ITA"]
[WhiteElo "2225"]
[WhiteRD "88"]
[BlackElo "1978"]
[BlackRD "86"]
[GameID "179274"]

1. g4 e5 2. Bg2 c6 3. Nf3 Qc7 4. c4 Na6 5. Nc3 d6 6. h3 Be6 7. d3 f6 8. Qa4 Nc5 9. Qc2 a5 10. b3 O-O-O
11. a3 Na6 12. b4 axb4 13. axb4 Nxb4 14. Qb2 Na6 15. Be3 Qf7 16. Nd2 Ne7 17. Nb5 d5 18. Na7+ Kd7 19. Qxb7+ Nc7 20. Bb6
1-0

[Event "funny"]
[Site "SchemingMind.com"]
[Date "2008.11.16"]
[Round "-"]
[White "harsh"]
[Black "marandreo"]
[Result "0-1"]
[WhiteCountry "IND"]
[BlackCountry "ITA"]
[WhiteElo "1983"]
[WhiteRD "87"]
[BlackElo "1993"]
[BlackRD "88"]
[GameID "179275"]

1. g4 c5 2. c4 Nc6 3. e3 d5 4. d4 cxd4 5. exd4 h5 6. g5 g6 7. Bg2 Bg4 8. Qa4 dxc4 9. Bxc6+ bxc6 10. Qxc4 Qd5
11. Qxd5 cxd5 12. Nc3 e6 13. f3 Bf5 14. Nge2 Bd6 15. Nb5 Bb8 16. Bf4 Ne7 17. Nd6+ Bxd6 18. Bxd6 Kd7 19. Bc5 Bd3 20. Kd2 Bxe2
21. Kxe2 a5 22. Rhc1 Rhb8 23. b3 Nc6 24. Rab1 Rb7 25. Rc2 e5 26. dxe5 Nxe5 27. Rd1 Ke6 28. f4 Nd7 29. Be3 Ra6 30. Rcd2 Rd6
31. Bf2 Rb5 32. Bg3 Kf5 33. a4 Rxb3 34. Rxd5+ Rxd5 35. Rxd5+ Ke6 36. Rxa5 Nb6 37. Ra7 Nd5 38. a5 Ra3 39. Ra6+ Kf5 40. Ra7 Nxf4+
41. Kd1 Kxg5 42. Rxf7 Nd5 43. Ra7 Kg4 44. Be1 Ra1+ 45. Kd2 Ra2+ 46. Kd3 Rxh2 47. Rd7 Nf4+ 48. Kc4 Re2 49. Bd2 h4 50. Bxf4 Kxf4
51. Rh7 Ra2 52. Kb5 g5 53. a6 Kg3 54. a7 g4 55. Kb6 h3 56. Rh5 h2
0-1

[Event "funny"]
[Site "SchemingMind.com"]
[Date "2008.11.21"]
[Round "-"]
[White "Ivancic"]
[Black "marandreo"]
[Result "1/2-1/2"]
[WhiteCountry "AUS"]
[BlackCountry "ITA"]
[WhiteElo "1946"]
[WhiteRD "78"]
[BlackElo "1986"]
[BlackRD "90"]
[GameID "179276"]

1. g4 h5 2. gxh5 Nf6 3. d4 c5 4. dxc5 Qa5+ 5. Nc3 Qxc5 6. Bg2 Rxh5 7. e4 g6 8. Be3 Qb4 9. Ne2 Qxb2 10. Rb1 Qa3
11. O-O Nc6 12. f4 d6 13. e5 dxe5 14. fxe5 Rxe5 15. Bf4 Ra5 16. Bc7 Rg5 17. Kh1 Rxg2 18. Kxg2 Qc5 19. Rxf6 Qg5+ 20. Bg3 exf6
21. Nb5 Bh3+ 22. Kxh3 Qf5+ 23. Kg2 Qe4+ 24. Kf1 Qf3+ 25. Ke1 Qh1+ 26. Kf2 Bc5+ 27. Nbd4 Qe4 28. c3 O-O-O 29. Rc1 Rd5 30. Kf1 Ne5
31. Nf4 Rd7 32. Qc2 f5 33. Qxe4 fxe4 34. Nfe6 Nd3 35. Nxc5 Nxc5 36. Nb3 Nd3 37. Rd1 f5 38. Nc1 f4 39. Be1 Nxc1 40. Rxc1 g5
41. Ke2 Rh7 42. h4 g4 43. Rd1 g3 44. c4 Rxh4 45. Rd4 Rh2+ 46. Kf1 g2+ 47. Kf2 e3+ 48. Kg1 Rh1+ 49. Kxg2 Rxe1 50. Rxf4 Re2+
51. Kf3 Rxa2 52. Kxe3 a5 53. Kd3 Kc7 54. Kc3 Kb6 55. Rf5 Rh2 56. Rb5+ Ka6 57. Kb3 b6 58. Rd5 Rh3+ 59. Ka4 Rh4 60. Kb3 Rh3+=
1/2-1/2

[Event "funny"]
[Site "SchemingMind.com"]
[Date "2008.11.17"]
[Round "-"]
[White "MARISCAL"]
[Black "marandreo"]
[Result "1-0"]
[WhiteCountry "ESP"]
[BlackCountry "ITA"]
[WhiteElo "2291"]
[WhiteRD "91"]
[BlackElo "2019"]
[BlackRD "97"]
[GameID "179277"]

1. g4 a6 2. Bg2 Ra7 3. Nc3 b6 4. d4 e6 5. e4 d6 6. Nf3 Bb7 7. Qe2 Nd7 8. d5 e5 9. g5 Ne7 10. a4 f5
11. gxf6 Nxf6 12. Ng5 Bc8 13. Rg1 c5 14. Bh3 Ng6 15. Bxc8 Qxc8 16. Ne6 Kf7 17. Bg5 Be7 18. Nd1 Nf8 19. Nxg7 Ng6 20. Nf5
1-0

[Event "funny"]
[Site "SchemingMind.com"]
[Date "2008.11.20"]
[Round "-"]
[White "Schaakmaatje"]
[Black "marandreo"]
[Result "0-1"]
[WhiteCountry "NED"]
[BlackCountry "ITA"]
[WhiteElo "1779"]
[WhiteRD "55"]
[BlackElo "1978"]
[BlackRD "86"]
[GameID "179278"]

1. g4 h5 2. g5 e5 3. d3 d5 4. Nf3 Bd6 5. Nc3 Ne7 6. Nb5 Bg4 7. Nxd6+ Qxd6 8. Bg2 Nd7 9. Bd2 O-O-O 10. a3 h4
11. h3 Be6 12. d4 e4 13. Bb4 exf3 14. Bxd6 fxg2 15. Rg1 cxd6 16. Rxg2 Bxh3 17. Rg1 Bf5 18. Qd2 Nb6 19. b3 Kb8 20. Qe3 Rd7
21. Rc1 Ng6 22. c3 Re7 23. Qd2 h3 24. f3 Rhe8 25. Kf2 Rxe2+ 26. Qxe2 Rxe2+ 27. Kxe2 Kc7 28. Ke3 Kd8 29. f4 Nd7 30. Rcf1 Ne7
31. Rf2 Nc6 32. Rb2 Na5 33. Re1 b5 34. Rg1 Nb6 35. Kf3 Nc6 36. Ke3 a5 37. Kd2 Be4 38. Ke3 a4 39. bxa4 Nc4+
0-1

[Event "funny"]
[Site "SchemingMind.com"]
[Date "2008.11.17"]
[Round "-"]
[White "thebirdolux"]
[Black "marandreo"]
[Result "1-0"]
[WhiteCountry "USA"]
[BlackCountry "ITA"]
[WhiteElo "2301"]
[WhiteRD "71"]
[BlackElo "2019"]
[BlackRD "97"]
[GameID "179279"]

1. g4 a6 2. d4 Ra7 3. Bg2 e6 4. Nf3 b6 5. Qd3 d6 6. Nc3 Nd7 7. Bf4 Bb7 8. O-O-O Ne7 9. e4 Ng6 10. Bg3 Be7
11. h4 h5 12. gxh5 Rxh5 13. Qe2 Ra5 14. Kb1 d5 15. exd5 Bxd5 16. Nxd5 exd5 17. h5 Ngf8 18. h6 gxh6 19. Rxh6 Ng6 20. Re1 Nf6
21. Ne5 Nxe5 22. Qxe5
1-0

[Event "funny"]
[Site "SchemingMind.com"]
[Date "2008.11.24"]
[Round "-"]
[White "Aadsje"]
[Black "calipo"]
[Result "0-1"]
[WhiteCountry "NED"]
[BlackCountry "ARG"]
[WhiteElo "2203"]
[WhiteRD "60"]
[BlackElo "2331"]
[BlackRD "86"]
[GameID "179961"]

1. g4 e5 2. c4 d5 3. cxd5 Qxd5 4. Nf3 Bxg4 5. Nc3 Qa5 6. Bg2 Nc6 7. Ng5 Qa6 8. Qb3 Nh6 9. h3 Bf5 10. Nb5 Qb6
11. Bd5 f6 12. Ne6 Bxe6 13. Bxe6 a6 14. Nc3 Nd4 15. Qa4+ c6 16. Bc4 Qc5 17. Bb3 b5 18. Qa5 Nxb3 19. axb3 Nf5 20. b4 Qa7
21. e3= Nh4 22. Ke2 Qd7 23. Rg1 Qxh3 24. Qc7 Qd7 25. Qxd7+ Kxd7 26. d3 Nf5 27. Bd2 Bxb4 28. Na4 Bxd2 29. Nb6+ Kd6 30. Nxa8 Bxe3
31. fxe3 Rxa8 32. b4 g5 33. Raf1 Ke6 34. Rc1 Rc8 35. Ra1 h5 36. Rxa6 h4 37. Kf3 Ne7 38. e4 Rd8 39. Ra3 Rd4 40. Rb3 Ng6
41. Rc1 Kd7 42. Kg4 Nf4 43. Kf5 Nxd3 44. Rd1 Nf2 45. Rxd4+ exd4 46. Rb2 Nd1 47. Rd2 Ne3+ 48. Kxf6 g4 49. Rxd4+ Ke8 50. Rd3 g3
51. Rxe3 g2 52. Re1 h3
0-1

[Event "funny"]
[Site "SchemingMind.com"]
[Date "2008.11.26"]
[Round "-"]
[White "Aadsje"]
[Black "harsh"]
[Result "1-0"]
[WhiteCountry "NED"]
[BlackCountry "IND"]
[WhiteElo "2203"]
[WhiteRD "60"]
[BlackElo "1947"]
[BlackRD "88"]
[GameID "179962"]

1. g4 d5 2. Bg2 Bxg4 3. c4 c6 4. cxd5 Nf6 5. dxc6 Nxc6 6. h3 Bf5 7. Nc3 e5 8. Bxc6+ bxc6 9. Qa4 Qd7 10. Nf3 Bd6
11. d4 exd4 12. Nxd4 O-O 13. Qxc6 Be5 14. Qxd7 Bxd7 15. Nf3 Bxc3+ 16. bxc3 Bc6 17. Be3 Rfc8 18. Bd4 Bxf3 19. exf3 Nd5 20. Kd2 f6=
21. Rab1 a6 22. Rb7 Rab8 23. Rhb1 Rxb7 24. Rxb7 Rc7 25. Rxc7 Nxc7 26. c4 Kf7 27. Kc3 Ke6 28. Bb6 Kd7 29. Bxc7 Kxc7 30. Kd4 Kd6
31. f4 g6 32. c5+ Kc6 33. a4 h5 34. a5 g5 35. f5 g4 36. h4
1-0

[Event "funny"]
[Site "SchemingMind.com"]
[Date "2008.11.22"]
[Round "-"]
[White "Aadsje"]
[Black "Ivancic"]
[Result "1-0"]
[WhiteCountry "NED"]
[BlackCountry "AUS"]
[WhiteElo "2203"]
[WhiteRD "60"]
[BlackElo "1895"]
[BlackRD "75"]
[GameID "179963"]

1. g4 e5 2. h3 Bc5 3. c3 Nc6 4. Nf3 d5 5. d4 exd4 6. cxd4 Bb6 7. Nc3 h6 8. Bg2 Be6 9. Bf4 Nge7 10. e3 Qd7
11. Qa4 g5 12. Ne5 Nxe5 13. Bxe5 Rg8 14. Qa3 O-O-O 15. O-O-O Nc6 16. Bf6 Rde8 17. e4 Ne7 18. Rhe1 dxe4 19. Bxe4 Nd5 20. Nxd5 Bxd5
21. Bf5 Re6 22. Kb1 Kb8 23. Bxe6 fxe6 24. Be5 Ka8 25. f4 gxf4 26. Bxf4 Qb5 27. Bxh6 c5 28. dxc5 Bxc5 29. Qd3 Qa5 30. b3 Rd8
31. Bg5 Rd6 32. Qh7 a6 33. Bf6 Qb5 34. Qh8+ Ka7 35. Be5 Bxb3 36. Rxd6 Qa5 37. Qb8+ Kxb8 38. Rxa6+ Kc8 39. Rxa5
1-0

[Event "funny"]
[Site "SchemingMind.com"]
[Date "2008.11.22"]
[Round "-"]
[White "Aadsje"]
[Black "MARISCAL"]
[Result "1/2-1/2"]
[WhiteCountry "NED"]
[BlackCountry "ESP"]
[WhiteElo "2208"]
[WhiteRD "59"]
[BlackElo "2267"]
[BlackRD "90"]
[GameID "179964"]

1. g4 d5 2. h3 e5 3. d3 Nc6 4. Bg2 Be6 5. a3 h5 6. g5 Nge7 7. Nf3 Ng6 8. Nc3 Qd7 9. e3 O-O-O 10. b4 Bd6
11. Qd2 Nce7 12. Bb2 h4 13. O-O-O Rhe8 14. Qe2 Kb8 15. Nh2 c5 16. bxc5 Bxc5 17. Nf3 Bd6 18. Nh2 Rc8 19. Ng4 Rc7 20. Kd2 Rec8
21. Rc1 e4=
1/2-1/2

[Event "funny"]
[Site "SchemingMind.com"]
[Date "2008.11.22"]
[Round "-"]
[White "Aadsje"]
[Black "Schaakmaatje"]
[Result "1-0"]
[WhiteCountry "NED"]
[BlackCountry "NED"]
[WhiteElo "2206"]
[WhiteRD "62"]
[BlackElo "1759"]
[BlackRD "55"]
[GameID "179965"]

1. g4 d5 2. h3 e5 3. Bg2 c6 4. d3 Bc5 5. Nf3 f6 6. g5 Bf5 7. Nbd2 Qb6 8. d4 Bxd4 9. Nxd4 Qxd4 10. c3 Qb6
11. e4 Be6 12. Nb3 dxe4 13. Be3 Qc7 14. Nc5 Bf7 15. Nxe4 Bd5 16. c4 Bxe4 17. Bxe4 Nd7 18. Qh5+ g6 19. Bxg6+ hxg6 20. Qxh8 O-O-O
21. O-O-O f5 22. Qg7 f4 23. Bxa7 b6 24. Qxg6 Qxa7 25. Qxc6+ Qc7 26. Qa8+ Qb8 27. Qd5 Ne7 28. Qe6
1-0

[Event "funny"]
[Site "SchemingMind.com"]
[Date "2008.11.24"]
[Round "-"]
[White "Aadsje"]
[Black "thebirdolux"]
[Result "0-1"]
[WhiteCountry "NED"]
[BlackCountry "USA"]
[WhiteElo "2187"]
[WhiteRD "59"]
[BlackElo "2307"]
[BlackRD "73"]
[GameID "179966"]

1. g4 d5 2. Bg2 c6 3. g5 h6 4. g6 fxg6 5. d4 Bf5 6. Nf3 Nf6 7. Nh4 e6 8. Nxf5 gxf5 9. Nd2 Nbd7 10. c4 Qc7
11. Qb3 O-O-O 12. a4 Bd6 13. a5 a6 14. c5 Be7 15. Qh3 g5 16. b4 g4 17. Qa3 h5 18. Qe3 Rde8 19. Bb2 h4 20. Rc1 Ne4
21. Bxe4 fxe4 22. Nf1 Ref8 23. Rg1 Rhg8 24. Qd2 e3
0-1

[Event "funny"]
[Site "SchemingMind.com"]
[Date "2008.11.22"]
[Round "-"]
[White "Aadsje"]
[Black "marandreo"]
[Result "1-0"]
[WhiteCountry "NED"]
[BlackCountry "ITA"]
[WhiteElo "2187"]
[WhiteRD "59"]
[BlackElo "1978"]
[BlackRD "86"]
[GameID "179968"]

1. g4 a6 2. d4 Ra7 3. d5 c5 4. Bg2 d6 5. h3 b5 6. a4 Qb6 7. Nf3 Nf6 8. g5 Ne4 9. Qd3 f5 10. gxf6 Nxf6
11. axb5 axb5 12. Rxa7 Qxa7 13. Qxb5+ Nbd7 14. Ng5 Bb7 15. e4 Ba6 16. Qa4 Qb6 17. Nc3 h6 18. Ne6 Kf7 19. f4 g6 20. h4 Bg7
21. Bh3 Qb7 22. f5 g5 23. hxg5 hxg5 24. Nxg5+
1-0

[Event "funny"]
[Site "SchemingMind.com"]
[Date "2008.11.23"]
[Round "-"]
[White "calipo"]
[Black "Aadsje"]
[Result "1-0"]
[WhiteCountry "ARG"]
[BlackCountry "NED"]
[WhiteElo "2331"]
[WhiteRD "86"]
[BlackElo "2203"]
[BlackRD "60"]
[GameID "179969"]

1. g4 d5 2. d4 Bxg4 3. Bg2 Nf6 4. Nf3 Nc6 5. Ne5 e6 6. c4 Nxe5 7. dxe5 Ne4 8. Bxe4 dxe4 9. Qb3 a5 10. a3 Bf5
11. Qb5+ c6 12. Qxb7 Qc8 13. Qxc8+ Rxc8 14. Nc3 h6 15. Na4 Rb8 16. Be3 Be7 17. Rg1 g5 18. O-O-O g4 19. c5 Bd8= 20. Nb6 Bc7
21. Nc4 Rd8 22. Rxd8+ Kxd8 23. Rd1+ Ke7 24. Rd4 Bg6 25. Bd2 a4 26. Ba5 Bb8 27. Nd6 f6 28. exf6+ Kxf6 29. Rxa4 Rf8 30. Kd2 e5
31. Nxe4+ Ke6 32. Ke3 Rf4 33. Bb6 h5 34. b3 h4 35. f3 Bxe4 36. Rxe4 Kd5 37. a4 h3 38. Kf2 Rxe4 39. fxe4+ Kxe4 40. a5 Kf5
41. a6 e4 42. a7
1-0

[Event "funny"]
[Site "SchemingMind.com"]
[Date "2008.11.26"]
[Round "-"]
[White "harsh"]
[Black "Aadsje"]
[Result "0-1"]
[WhiteCountry "IND"]
[BlackCountry "NED"]
[WhiteElo "1996"]
[WhiteRD "84"]
[BlackElo "2187"]
[BlackRD "59"]
[GameID "179970"]

1. g4 d5 2. h3 e5 3. Bg2 Nc6 4. c4 Nge7 5. cxd5 Nxd5 6. Nc3 Be6 7. e3 Ndb4 8. a3 Nd3+ 9. Kf1 Na5 10. Qa4+ c6
11. Nf3 Nb3 12. Rb1 Ndc5
0-1

[Event "funny"]
[Site "SchemingMind.com"]
[Date "2008.11.22"]
[Round "-"]
[White "Ivancic"]
[Black "Aadsje"]
[Result "0-1"]
[WhiteCountry "AUS"]
[BlackCountry "NED"]
[WhiteElo "1931"]
[WhiteRD "70"]
[BlackElo "2187"]
[BlackRD "59"]
[GameID "179971"]

1. g4 d5 2. h3 h5 3. gxh5 e5 4. d4 exd4 5. Qxd4 Nc6 6. Qd1 Bf5 7. Bg2 Nf6 8. Bg5 Qe7 9. c3 O-O-O 10. e3 Ne5
11. Bf1 Be4 12. f3 Rxh5 13. Bxf6 Qxf6 14. fxe4 Qh4+ 15. Ke2 dxe4 16. Qe1 Qf6 17. Nd2 Rf5 18. Bg2 Rf2+ 19. Qxf2 Rxd2+ 20. Kxd2 Qxf2+
21. Ne2 Nc4+
0-1

[Event "funny"]
[Site "SchemingMind.com"]
[Date "2008.11.21"]
[Round "-"]
[White "MARISCAL"]
[Black "Aadsje"]
[Result "1/2-1/2"]
[WhiteCountry "ESP"]
[BlackCountry "NED"]
[WhiteElo "2267"]
[WhiteRD "90"]
[BlackElo "2208"]
[BlackRD "59"]
[GameID "179972"]

1. g4 d5 2. Bg2 Bxg4 3. c4 e5 4. cxd5 Bc5 5. Nf3 Nd7 6. Qa4 Bxf3 7. Bxf3 Nf6 8. Rg1 O-O 9. Nc3 Nb6 10. Qh4 Nfxd5
11. Qg4 g6 12. Nxd5 Nxd5 13. Qc4 e4 14. Bxe4 Qh4 15. Qxc5 Qxe4 16. d3 Qe6 17. Bh6 Rfd8 18. Qd4 f6 19. Qe4 Kf7 20. Qxe6+ Kxe6=
1/2-1/2

[Event "funny"]
[Site "SchemingMind.com"]
[Date "2008.11.21"]
[Round "-"]
[White "Schaakmaatje"]
[Black "Aadsje"]
[Result "0-1"]
[WhiteCountry "NED"]
[BlackCountry "NED"]
[WhiteElo "1767"]
[WhiteRD "51"]
[BlackElo "2166"]
[BlackRD "59"]
[GameID "179973"]

1. g4 d5 2. Bg2 Bxg4 3. c4 e6 4. Qb3 Nc6 5. cxd5 exd5 6. Bxd5 Nd4 7. Bxf7+ Ke7 8. Qxb7 Kxf7 9. Qe4 Nf6 10. Qd3 Bf5
11. Qc4+ Qd5 12. Qxd5+ Nxd5
0-1

[Event "funny"]
[Site "SchemingMind.com"]
[Date "2008.11.23"]
[Round "-"]
[White "thebirdolux"]
[Black "Aadsje"]
[Result "1/2-1/2"]
[WhiteCountry "USA"]
[BlackCountry "NED"]
[WhiteElo "2301"]
[WhiteRD "71"]
[BlackElo "2166"]
[BlackRD "59"]
[GameID "179974"]

1. g4 d5 2. g5 e5 3. d4 exd4 4. Nf3 Bc5 5. Nxd4 Nc6 6. Nxc6 bxc6 7. Bg2 Ne7 8. c4 O-O 9. O-O f6 10. Nc3 Be6
11. Na4 Qd6 12. Nxc5 Qxc5 13. cxd5 cxd5 14. Be3 Qd6=
1/2-1/2

[Event "funny"]
[Site "SchemingMind.com"]
[Date "2008.11.22"]
[Round "-"]
[White "marandreo"]
[Black "Aadsje"]
[Result "0-1"]
[WhiteCountry "ITA"]
[BlackCountry "NED"]
[WhiteElo "1978"]
[WhiteRD "86"]
[BlackElo "2187"]
[BlackRD "59"]
[GameID "179976"]

1. g4 Nc6 2. Bg2 d5 3. c4 dxc4 4. Qa4 Bxg4 5. Bxc6+ bxc6 6. Qxc6+ Bd7 7. Qxc4 e6 8. d4 Rb8 9. a3 Bb5 10. Qc3 Qd5
11. Nf3 Bxe2 12. Kxe2 Rb3 13. Be3 Qb5+ 14. Kd2 Rxc3 15. Nxc3 Qxb2+ 16. Kd3 Qb7 17. Nd2 Qc8 18. Rhc1 Nf6 19. a4 Bd6 20. Nb5 Qa6
21. Nc4 Bxh2 22. f4 Nd5 23. Rf1 h5
0-1